Rock Genre by Band - Statistics

General Stats
  • This quiz has been taken 891 times
    126 since last reset
  • The average score is 14 of 25
Answer Stats
Bands Genre % Correct
Metallica, Iron Maiden, Black Sabbath {Metal}
94%
The Sex Pistols, The Clash, Green Day {Punk} rock
90%
Deep Purple, AC/DC, Van Halen {Hard} rock
86%
Nirvana, Alice in Chains, Soundgarden {Grunge}
85%
Pavement, Pixies, Dinosaur Jr., Arcade Fire {Indie} rock
72%
Chuck Berry, Little Richard, Jerry Lee Lewis {Rock} {and} {roll}
65%
The Byrds, Bob Dylan, Simon & Garfunkel {Folk} rock
62%
Korn, Limp Bizkit, Papa Roach {Nu}-{metal}
62%
Jefferson Airplane, The Doors, Jimi Hendrix {Psychedelic} rock
62%
Yes, Genesis, King Crimson, Pink Floyd {Progressive} rock
61%
Spacemen 3, Hawkwind, Hum {Space} rock
61%
T. Rex, Roxy Music, Gary Glitter, Slade {Glam} rock
54%
Blur, Oasis, Suede, Pulp {Britpop}
52%
Uncle Tupelo, Whiskeytown, Wilco Alt-{country}
50%
Rage Against the Machine, 311, Kid Rock {Rap} rock
50%
Jimmy Eat World, Saves the Day, AFI {Emo}
47%
Blondie, Talking Heads, The Cars {New} {Wave}
45%
Allman Brothers, Lynyrd Skynyrd, Kings of Leon {Southern} rock
44%
Nine Inch Nails, KMFDM, Throbbing Gristle {Industrial}
43%
Bauhaus, Siouxsie and the Banshees, The Cure {Goth} rock
39%
My Bloody Valentine, Slowdive, Swervedriver {Shoegaze}
37%
The Stooges, MC5, The White Stripes {Garage} rock
33%
Sigur Rós, Talk Talk, Slint, Tortoise {Post}-rock
29%
Fu Manchu, Kyuss, Sleep, Monster Magnet {Stoner} rock
21%
Jars of Clay, dc Talk, Stryper, P.O.D. {Christian} rock
18%
No matching quizzes found
Score Distribution
Percent of People with Each Score
Percentile by Number Answered
Your Score History
You have not taken this quiz since the last reset